000 00702nam a2200265Ia 4500
005 20250425160727.0
008 250425s9999 xx 000 0 und d
020 _a9567106177
041 _aspa
043 _acl
082 _a378.8
100 _aMARTINEZ PAVEZ, CARLOS
245 0 _aUNIVERSIDAD-SECTOR PRODUCTIVO, NUEVAS FORMAS DE VINCULACION: PARQUES TECNOLOGICOS E INCUBADORAS
250 _a1A ED.
260 _aChile
_bCINDA
_c1993
260 _aSANTIAGO DE CHILE
300 _a106
650 _aEDUCACION SUPERIOR
650 _aPARQUES TECNOLOGICOS
650 _aTECNOLOGIA Y DESARROLLO
650 _aUNIVERSIDAD-INDUSTRIA
710 _aCINDA
942 _c01
010 _a3643
999 _c194960
_d194960